Представление документа в формате RUSMARC

ПолеНазваниеЗначение
  Тип записи a
  Библиографический уровень a
001 Контрольный номер RU/CBS_Ul/BASE/518018614
005 Дата корректировки 20240209175201.3
100 Данные общей обработки __
a Данные общей обработки 20160531d2016 ||| 0rusy0189 ca
101 Язык документа 0_
a Язык текста rus
102 Страна публикации __
a Страна публикации RU
105 Кодированные данные (монография) __
a Кодированные данные (монография) y###||||000|y
200 Заглавие и сведения об ответственности 1_
a Заглавие Советские художники в годы Великой Отечественной войны
b Общее обозначение материала Текст
f Первые сведения об ответственности Д. Санкин
300 Общие примечания __
a Общие примечания Ограничения по возрасту - 6+
461 Уровень набора _0
1 2000
a Детская роман-газета
463 Уровень физической единицы _0
1 001RU/CBS_Ul/BASE/518016336
1 2000
a № 5
v С. 17-20
1 210
d 2016
600 Персоналии _0
a Персоналии (Фамилия) Тоидзе
b Персоналии (Имя, инициалы) И. М.
600 Персоналии _0
a Персоналии (Фамилия) Корецкий
b Персоналии (Имя, инициалы) В. Б.
600 Персоналии _0
a Персоналии (Фамилия) Герасимов
b Персоналии (Имя, инициалы) С. В.
600 Персоналии _0
a Персоналии (Фамилия) Пластов
b Персоналии (Имя, инициалы) А. А.
600 Персоналии _0
a Персоналии (Фамилия) Корин
b Персоналии (Имя, инициалы) П. Д.
600 Персоналии _0
a Персоналии (Фамилия) Дейнека
b Персоналии (Имя, инициалы) А. А.
600 Персоналии _0
a Персоналии (Фамилия) Кривоногов
b Персоналии (Имя, инициалы) П. А.
600 Персоналии _0
a Персоналии (Фамилия) Куприянов
b Персоналии (Имя, инициалы) М. В.
600 Персоналии _0
a Персоналии (Фамилия) Крылов
b Персоналии (Имя, инициалы) П. Н.
600 Персоналии _0
a Персоналии (Фамилия) Соколов
b Персоналии (Имя, инициалы) Н. А.
606 Тематические рубрики 0_
a Основная рубрика Великая Отечественная война - 1941 - 1945 - в изобразительном искусстве русском советском
610 Ключевые слова 0_
a Ключевые слова живопись
610 Ключевые слова 0_
a Ключевые слова изобразительное искусство
610 Ключевые слова 0_
a Ключевые слова художники
610 Ключевые слова 0_
a Ключевые слова советские художники
610 Ключевые слова 0_
a Ключевые слова Окна ТАСС (плакаты)
610 Ключевые слова 0_
a Ключевые слова Великая Отечественная война
610 Ключевые слова 0_
a Ключевые слова ВОВ
686 Индексы других классификаций __
a Классификационный индекс 85.143(2)6
2 Код системы ББК
700 Автор _1
a Фамилия Санкин
b Имя (инициалы) Д.
801 Источник записи _0
a Страна RU
b Организация МБУК ЦБС г. Ульяновска
c Дата составления 20160531
g Правила каталогизации RCR
801 Источник записи _1
a Страна RU
b Организация МБУК ЦБС г. Ульяновска
c Дата составления 20160531
g Правила каталогизации RCR
901 Тип документа __
t Тип документа b
w Контрольный № источника RU/CBS_Ul/BASE/518016336
910 Корректоры записи __
a Корректор записи Сидоркина
938 Служебная информация __
a Имя БД period